书目信息

书名: 千劫眉2 神武衣冠
作者: 藤萍
出版信息: 南京   江苏凤凰文艺出版社  2024.10
开本页数: 21cm  266页, [1] 叶图版
丛书名:
单 册:
中图分类: I2408
科图分类:
主题词: 侠义小说--xia yi xiao shuo--中国--当代 , 长篇小说--chang pian xiao shuo--中国--当代
电子资源:
ISBN: 978-7-5594-8931-9
000 01468nam 2200265 450
001 012025000237
005 20251119100708.8
010    @a978-7-5594-8931-9@dCNY49.80
100    @a20241019d2024 em y0chiy50 ea
101 @achi
102    @aCN@b320000
105    @aaf z 000ay
106    @ar
200 @a千劫眉@Aqian jie mei@h2@i神武衣冠@f藤萍著
210    @a南京@c江苏凤凰文艺出版社@d2024.10
215    @a266页, [1] 叶图版@c彩图@d21cm
314    @a藤萍, 中国作协会员。中山大学法学院毕业, 一级警长。2000年以菲萍为笔名参与第一届“花与梦”全国浪漫小说征文大赛, 其创作的《锁檀经》荣获第一名, 从此踏上文学创作之路。
330    @a本书是武侠言情小说“千劫眉”系列的第二部, 故事讲诉了唐俪辞一行人的江湖恩怨故事。第一部中唐俪辞一边寻找朋友方周的墓穴, 一边调查江湖禁药之事, 结尾时发现迟来一步方周的墓已遭人破坏。第二部讲述了唐俪辞被钟春髻所伤, 发现朋友方周的墓被破坏后, 深受打击, 与此同时江湖中炼制奇门禁药的邪教组织风流店进一步对武林正道展开攻击, 唐俪辞运筹帷幄, 帮助武林正道最终打败风流店, 生擒带头人柳眼, 却不想柳眼被视他为仇敌的沈郎魂劫走, 好友池云为追回他们而失联, 风流店虽败一战, 却仍未能查出真正的幕后指使, 江湖风云再起, 唐俪辞一行能否全身而退? 谁也不得而知。
517 @a神武衣冠@Ashen wu yi guan
606 @a侠义小说@Axia yi xiao shuo@y中国@z当代
606 @a长篇小说@Achang pian xiao shuo@y中国@z当代
690    @aI2408@v5
701  0 @a藤萍@Ateng ping@4著
801  0 @aCN@bCDNYKJZYXY@c20241019
905    @aCDNYKJZYXY@b300737986-88@dI2408@e223@f3
    
    千劫眉.2.神武衣冠/藤萍著.-南京:江苏凤凰文艺出版社,2024.10
    266页, [1] 叶图版:彩图;21cm
    
    
    ISBN 978-7-5594-8931-9:CNY49.80
    本书是武侠言情小说“千劫眉”系列的第二部, 故事讲诉了唐俪辞一行人的江湖恩怨故事。第一部中唐俪辞一边寻找朋友方周的墓穴, 一边调查江湖禁药之事, 结尾时发现迟来一步方周的墓已遭人破坏。第二部讲述了唐俪辞被钟春髻所伤, 发现朋友方周的墓被破坏后, 深受打击, 与此同时江湖中炼制奇门禁药的邪教组织风流店进一步对武林正道展开攻击, 唐俪辞运筹帷幄, 帮助武林正道最终打败风流店, 生擒带头人柳眼, 却不想柳眼被视他为仇敌的沈郎魂劫走, 好友池云为追回他们而失联, 风流店虽败一战, 却仍未能查出真正的幕后指使, 江湖风云再起, 唐俪辞一行能否全身而退? 谁也不得而知。
相关链接 在五车中查询图书 在当当中查询图书 在豆瓣中查询图书


正题名:千劫眉     索取号:I2408/223         预约/预借

序号 登录号 条形码 馆藏地/架位号 状态 备注
1 737986   300737986   流通一库三楼/ [索取号:I2408/223] 在馆    
2 737987   300737987   流通一库三楼/ [索取号:I2408/223] 在馆    
3 737988   300737988   流通一库三楼/ [索取号:I2408/223] 在馆